It looks like you're offline.
Open Library logo
additional options menu

MARC Record from Library of Congress

Record ID marc_loc_2016/BooksAll.2016.part20.utf8:49177663:635
Source Library of Congress
Download Link /show-records/marc_loc_2016/BooksAll.2016.part20.utf8:49177663:635?format=raw

LEADER: 00635cam a2200229 a 4500
001 90027351
003 DLC
005 20141213080830.0
008 901211s1992 nyu 000 1 eng
010 $a 90027351
020 $a0312851839 :$c$17.95
040 $aDLC$cDLC$dDLC$dOCoLC$dDLC
050 00 $aPS3566.A554$bF58 1992
082 00 $a813/.54$220
100 1 $aPalwick, Susan.
245 10 $aFlying in place /$cSusan Palwick.
250 $a1st ed.
260 $aNew York :$bT. Doherty Associates,$c1992.
300 $a179 p. ;$c22 cm.
500 $a"A Tor book"--T.p. verso.
650 0 $aChild abuse$xFiction.
655 7 $aAllegories.$2gsafd